| 000 | 00712nam a22002297a 4500 | ||
|---|---|---|---|
| 999 |
_c15203 _d15203 |
||
| 003 | AR-CdUCM | ||
| 008 | 190426b ||||| |||| 00| 0 spa d | ||
| 020 | _a978-0-545-45883-2 | ||
| 040 |
_aMUNICIPALIDAD PROVINCIAL DEL CUSCO _cBIBLIOTECA MUNICIPAL DEL CUSCO |
||
| 082 |
_aEP / 599 / _bP59 |
||
| 100 |
_aPinnington, Andrea _931296 |
||
| 245 | _aCrías de animales / | ||
| 260 |
_aSingapore : _bScholastic, _c2012. |
||
| 300 |
_a32 páginas ; _bilustraciones, _c23 cm. |
||
| 440 |
_aScholastic explora tu mundo. _934234 |
||
| 650 |
_aAprendizaje _92143 |
||
| 650 |
_aAnimales _9917 |
||
| 650 |
_aNaturaleza _94241 |
||
| 700 |
_aHarris, Tory Gordon _934235 |
||
| 942 |
_2ddc _cLIBROS |
||
| 945 |
_aachl _d2019-04-26 |
||